[Event "Moscow VAO IM 07"]
[Site "Moscow"]
[Date "2016.07.11"]
[Round "7"]
[White "Golubev, Roman"]
[Black "Saulin, Dmitri"]
[Result "1/2-1/2"]
[WhiteElo "2334"]
[BlackElo "2401"]
[PlyCount "84"]
[EventDate "2016.07.08"]
[EventType "tourn"]
[EventRounds "11"]
[EventCountry "RUS"]
[SourceTitle "EXT 2018"]
[Source "ChessBase"]
[SourceDate "2017.10.13"]
[SourceVersion "1"]
[SourceVersionDate "2017.10.13"]
[SourceQuality "1"]

1. e4 c5 2. Nf3 Nc6 3. d4 cxd4 4. Nxd4 g6 5. Nc3 Bg7 6. Be3 Nf6 7. Bc4 0-0 8. Bb3 d6 9. f3 Bd7 10. Qd2 Nxd4 11. Bxd4 b5 12. a4 b4 13. Nd5 Nxd5 14. exd5 Bxd4 15. Qxd4 a5 16. h4 Rc8 17. h5 Bf5 18. Rc1 gxh5 19. Rxh5 Bg6 20. Rh4 Qd7 21. Kf2 Rc5 22. g4 f5 23. g5 f4 24. Rxf4 Rxf4 25. Qxf4 Qh3 26. Qg3 Qc8 27. Qg4 Qxg4 28. fxg4 Be4 29. c3 Bxd5 30. Bxd5+ Rxd5 31. cxb4 axb4 32. Ra1 Rd2+ 33. Ke3 Rxb2 34. Kd3 e5 35. a5 e4+ 36. Kxe4 b3 37. Rd1 Ra2 38. Rxd6 Ra4+ 39. Kf5 Rxa5+ 40. Kf6 Ra8 41. Rb6 Rf8+ 42. Ke5 Rf3 1/2-1/2

[Event "Moscow VAO IM 07"]
[Site "Moscow"]
[Date "2016.07.10"]
[Round "4"]
[White "Golubev, Roman"]
[Black "Atabayev, Yusup"]
[Result "0-1"]
[WhiteElo "2334"]
[BlackElo "2434"]
[PlyCount "74"]
[EventDate "2016.07.08"]
[EventType "tourn"]
[EventRounds "11"]
[EventCountry "RUS"]
[SourceTitle "EXT 2018"]
[Source "ChessBase"]
[SourceDate "2017.10.13"]
[SourceVersion "1"]
[SourceVersionDate "2017.10.13"]
[SourceQuality "1"]

1. e4 c5 2. Nf3 d6 3. d4 cxd4 4. Nxd4 Nf6 5. Nc3 a6 6. Be2 Nbd7 7. 0-0 g6 8. a4 Bg7 9. a5 0-0 10. Nb3 Qc7 11. Be3 b5 12. axb6 Nxb6 13. Na5 Be6 14. Bd4 Nfd7 15. Bxg7 Kxg7 16. Nd5 Bxd5 17. exd5 Nf6 18. c4 Rfe8 19. Qd4 Nbd7 20. b4 e6 21. dxe6 Rxe6 22. Bf3 Rb8 23. Nc6 Rb6 24. b5 Ne5 25. Bd5 axb5 26. cxb5 Nxd5 27. Ra7 Qc8 28. f4 Rf6 29. fxe5 Rxf1+ 30. Kxf1 Qf5+ 31. Kg1 Nf4 32. exd6+ Kh6 33. Qd2 Rxb5 34. h3 Rd5 35. Qe3 Qg5 36. Ra2 Rd3 37. Qe5 Qg3 0-1

[Event "Moscow VAO IM 07"]
[Site "Moscow"]
[Date "2016.07.09"]
[Round "2"]
[White "Golubev, Roman"]
[Black "Slavinsky, Petr"]
[Result "1-0"]
[WhiteElo "2334"]
[BlackElo "2030"]
[PlyCount "79"]
[EventDate "2016.07.08"]
[EventType "tourn"]
[EventRounds "11"]
[EventCountry "RUS"]
[SourceTitle "EXT 2018"]
[Source "ChessBase"]
[SourceDate "2017.10.13"]
[SourceVersion "1"]
[SourceVersionDate "2017.10.13"]
[SourceQuality "1"]

1. e4 e6 2. d4 d5 3. Nc3 dxe4 4. Nxe4 Bd7 5. Nf3 Bc6 6. Bd3 Nd7 7. 0-0 Ngf6 8. Ng3 Be7 9. Re1 0-0 10. a3 Bxf3 11. Qxf3 c5 12. dxc5 Nxc5 13. Bc4 Qd4 14. Ba2 Rfd8 15. Rb1 Rac8 16. h3 Bd6 17. Be3 Qh4 18. Rbd1 Qa4 19. Nh5 Nce4 20. Bb3 Qa5 21. Nxf6+ Nxf6 22. Qxb7 Rc7 23. Qf3 Rcd7 24. g3 h5 25. Bd2 Qa6 26. Bg5 Be7 27. Rxd7 Rxd7 28. Qe2 Qxe2 29. Rxe2 Rd1+ 30. Kg2 Rb1 31. Be3 Rxb2 32. Re1 e5 33. Bxa7 Bxa3 34. Rxe5 Rb1 35. Ra5 Bd6 36. Be3 Rd1 37. Ra8+ Kh7 38. Rd8 Ne4 39. c4 Rd3 40. Bc2 1-0